000
00298nam a2200121Ia 4500
008
220204s9999 xx 000 0 und d
082
_a
338.43.02
_b
FAR
245
0
_a
Green revolution
260
_a
London
_b
Macmillan
_c
1977
650
_a
Agricultural extension
700
_a
FARMER, B H
942
_c
BK
999
_c
26450
_d
26450